000 00675nam a22002177a 4500
003 OSt
005 20160203192652.0
008 160203b xxu||||| |||| 00| 0 eng d
020 _a9780981757704
040 _cDNLM
082 _aWB310 F926r 2009
100 _aedited by Richard G. Marlink; Sara J. Teitelman
_96692
245 _aFrom the gound up: building comprehensive HIV/AIDS Core programs in resource limited settings
250 _bVol.1
260 _aWashington;
_bGlaser Pediatric AIDS Foundation, 2009
300 _axxix,425p; ill: 25cm
504 _aReferences included
650 _aHIV/AIDS
_95887
650 _aSocial support
_96693
942 _2ddc
_cO_SHELF
999 _c2954
_d2954